000 01412cam a22003734a 4500
001 zsolco b3597681
003 OCoLC
005 20240502212242.0
008 040302s2004 nyua b 001 0 spa
010 _a 2004005065
020 _a0516251007 (lib. bdg.)
020 _a9780516251004
020 _a051625510X (pbk.)
020 _a9780516255101
040 _csjds
100 1 _aBredeson, Carmen.
240 1 0 _aLiftoff!
_lSpanish.
245 1 0 _aDespegue /
_cpor Carmen Bredeson.
260 _aNew York :
_bChildren's Press,
_cc2004.
300 _a31 pages :
_bcolor illustrations ;
_c19 cm.
490 1 _aRookie espanol, ciencias.
500 _aIncludes index.
520 _aIntroduces primary students to the basics of space exploration. Despegue explains the complex process of launching a space shuttle from the shuttle's loading onto an enormous tractor to its takeoff.
526 0 _aAccelerated Reader
_bGrades K-4
_c3.5
_d0.5
_zQuiz 74724
_zSpanish non-fiction.
650 1 _aRockets (Aeronautics)
_xLaunching.
650 1 _aSpace shuttles.
650 1 _aSpace flight.
650 1 _aSpanish language materials.
650 7 _aCohetes (Aeron©Łutica)
_xLanzamiento
_vLiteratura juvenil.
_2bidex.
650 7 _aTransbordadores espaciales
_vLiteratura juvenil.
_2bidex.
650 7 _aVuelo espacial
_vLiteratura juvenil.
_2bidex.
830 0 _aRookie espanol, ciencias.
942 _cBK
999 _c29612
_d29610